000
00311nam a22001337a 4500
008
170614b xxu||||| |||| 00| 0 eng d
020
_a
0881334472
041
_a
eng
080
_a
94
100
_a
17
101
_a
SHH
245
_a
FORMAL EDUCATION IN AN AMERICAN INDIAN COMMUNITY
_c
WAX,M.L
942
_2
udc
_c
BK
999
_c
17265
_d
17265